[Event "Cairo Egyptian op"]
[Site "Cairo"]
[Date "2016.04.27"]
[Round "8"]
[White "Mabrook, Hamdy"]
[Black "M Mahmoud, Mohamed"]
[Result "0-1"]
[WhiteElo "1991"]
[BlackElo "1876"]
[PlyCount "77"]
[EventDate "2016.04.22"]
[EventType "swiss"]
[EventRounds "9"]
[EventCountry "EGY"]
[SourceTitle "CBM 172 Extra"]
[Source "ChessBase"]
[SourceDate "2016.06.21"]
[SourceVersion "1"]
[SourceVersionDate "2016.06.21"]
[SourceQuality "1"]

1. Nf3 Nf6 2. g3 Nc6 3. d4 e6 4. c4 Be7 5. Nc3 0-0 6. Bg2 d5 7. cxd5 Nxd5 8. 0-0 Bf6 9. e4 Nb6 10. Be3 Nc4 11. b3 Nxe3 12. fxe3 g6 13. Rc1 Bg7 14. Qe2 Qe7 15. Rfd1 Bd7 16. Na4 Rab8 17. Nc5 Bc8 18. e5 Nb4 19. Qd2 Nd5 20. e4 Nb6 21. Rc2 c6 22. Ne1 Rd8 23. Qe2 Nd7 24. Ned3 Nxc5 25. Nxc5 b6 26. Na4 Bb7 27. Nb2 Rd7 28. Qe3 Rbd8 29. Rcd2 b5 30. Bf3 Qb4 31. Rd3 a5 32. a4 bxa4 33. Nxa4 Ba6 34. R3d2 Bf8 35. d5 Bb5 36. Rd4 Qa3 37. dxe6 Rxd4 38. exf7+ Kxf7 39. Rxd4 0-1